000 00839nmm a2200265 a 4500
001 ocm000780145
003 TR-IsHL
005 20201028153113.0
008 140311s2013 tu tur
007 cr cn
020 _a9786055205645
035 _a780145
_b(N$T)
050 0 4 _aPK6561.I5
_bL35 2013
090 0 4 _aPK6561.I5
_bL35 2013
100 1 _aİkbal, Muhammed
245 1 0 _aLale-i ikbal: dörtlükler
_h[electronic resource] /
_cMuhammed İkbal
260 _aİstanbul :
_bAraf Yayınları,
_c2013
300 _a55 p.
650 4 _aDil ve Edebiyat
650 4 _aLanguage and Literature
650 0 _aİran edebiyatı
650 0 _aPersian literature
650 7 _aLITERARY COLLECTIONS / Middle Eastern
_2bisacsh
856 4 0 _uhttp://search.ebscohost.com/login.aspx?direct=true&scope=site&db=e011xww&AN=780145
999 _c11874
_d11874